| 000 | 02574nam0a2200349 4500 | ||
|---|---|---|---|
| 001 | RU\NLR\BIBL_A\011529951 | ||
| 005 | 20260408200406.0 | ||
| 010 |
_a978-5-7032-1216-5 _9130 |
||
| 021 |
_aRU _b2017-80955 _95778 |
||
| 035 | _a(NLR Aleph) 011529951 | ||
| 035 | _a(RuMoRGB)009432422 | ||
| 090 |
_a12140289 _c12140289 |
||
| 100 | _a20171120d2017 k y0rusy50 ca | ||
| 101 | 0 | _arus | |
| 102 | _aRU | ||
| 105 | _ay|||z|||100zy | ||
| 200 | 1 |
_aМедицинская реабилитация в практической медицине: инновационные технологии _eматериалы VII межрегиональной научно-практической конференции с международным участием, Нижний Новгород, 6 октября 2017 г. _fМинистерство здравоохранения Нижегородской области, Нижегородская государственная медицинская академия [и др. _gредколлегия: проф., д.м.н. Т. Е. Белоусова, доц., к.м.н. Ю. А. Исраелян] |
|
| 210 |
_aНижний Новгород _cИзд-во НижГМА _d2017 |
||
| 215 |
_a107 с. _d20 |
||
| 300 | _aВ надзаг. также: Ин-т непрерыв. мед. образования, Каф. мед. реабилитации и физиотерапии ФПКВ, Нижегор. обл. обществ. орг. специалистов восстановит. медицины, ГБУЗ НО "Гор. клин. больница № 3 "Нижегор. обл. гериатр. центр" | ||
| 606 |
_aРеабилитация (мед.) _jСъезды, совещания и т.п _xИнновационные технологии _92400341 _3RU\NLR\AUTH\661430856 |
||
| 686 |
_aР.я431(0) _2rubbk |
||
| 686 | 1 | _aР35с.я431(2) | |
| 702 | 1 |
_aБелоусова _bТ. Е. _gТатьяна Евгеньевна _4340 |
|
| 711 | 1 | 2 |
_a"Медицинская реабилитация в практической медицине", межрегиональная научно-практическая конференция с международным участием _d7 _eНижний Новгород _f2017 _9578058 _3RU\NLR\AUTH\880457455 |
| 712 | 0 | 2 |
_4570 _aНижегородская государственная медицинская академия _9427722 _3RU\NLR\AUTH\889965730 |
| 942 | _cBOOK | ||
| 980 | _aNBR | ||
| 980 | _aNB | ||